LDR 01175naa#a2200169#i#450# 001 RU\\bibl\126270 005 20260704191334.6 011 ## _a2949-1258 100 ## _a20260622b2026####ek#y0rusy0150####ca 102 ## _aRU 200 1# _aДонецкая Народная Республика в системе стратегического планирования социально-экономического развития Российской Федерации: институциональный анализ _eЖурнальная статья 210 1# _aВладивосток _cФедеральное государственное бюджетное образовательное учреждение высшего образования "Владивостокский государственный университет" _d2026 215 ## _a13 с. 608 ## _aЖурнальная статья _2local 675 ## _aРегиональная (территориальная) экономика. Земельный (аграрный) вопрос. Жилищное хозяйство. 332 _z 700 #1 _aКотов _gЕвгений Валериевич 856 4# _avvgu.editorum.ru _u